Airplane Trivia (Easy) - Statistics

General Stats
  • This quiz has been taken 92 times
  • The average score is 11 of 19
Answer Stats
Hint Answer % Correct
Where the passengers sit Cabin
85%
This company uses the 7X7 naming scheme Boeing
84%
This force produces forward motion Thrust
81%
This force produces upwards motion Lift
80%
Major European commercial aircraft designer and manufacturer Airbus
78%
This force slows forward motion Drag
73%
Other name for "flight deck" Cockpit
69%
Aerodynamic devices at the back of the wing Flaps
66%
Control surface that controls yaw Rudder
65%
Control surface that controls roll Aileron
59%
Control surface that controls pitch Elevator
53%
Aerodynamic devices at the front of the wing Slats
38%
Name of the front of the wing Leading Edge
36%
This force slows upwards motion Weight
36%
Name of bridge you cross to board large airliners Jetbridge
34%
Type of Jet engine most commonly used Turbofan
33%
Technical term for a water landing Ditching
30%
Name of the back of the wing Trailing Edge
30%
2-aisle seating is only present in this type of airliner Wide-body
26%
No matching quizzes found
Score Distribution
Percent of People with Each Score
Percentile by Number Answered
Your Score History
You have not taken this quiz